Nommez un pays valide A-Z – ni la première ni la dernière - Statistiques

Statistiques générales
  • Ce quiz a été pris 277 fois
  • Le résultat moyen est 14 sur 26
Statistiques - réponses
Lettre # Réponse % Correct
A 106
98%
B 30
79%
I 103
75%
C 22
74%
G 36
74%
D 35
70%
E 47
70%
N 82
67%
L 50
66%
H 23
64%
O 63
63%
M 35
59%
R 77
55%
U 61
50%
S 36
47%
T 51
44%
F 5
42%
K 7
42%
Q 15
41%
J 4
34%
P 15
32%
Z 10
30%
W 6
23%
X 2
19%
Y 10
18%
V 15
17%
Aucun quiz correspondant
Distribution des résultats
% des personnes avec chaque résultat
Percentile par nombre de réponses
Votre historique - résultats
Vous n’avez pas pris ce quiz